Compilación de leyes i decretos vijentes en materia de instrucción pública

Guardat en:
Dades bibliogràfiques
Autor principal: Ballesteros, Manuel E (Autor)
Format: Llibre
Idioma:espanyol
Publicat: Santiago El Independiente 1872
Matèries:
Etiquetes: Afegir etiqueta
Sense etiquetes, Sigues el primer a etiquetar aquest registre!

MARC

LEADER 00000nam a2200000 a 4500
001 UCR0592
003 CL-VaPUC
008 971205e18720000CL |||||||||||||||||spa|d
082 0 4 |a 348.026  |b BAL  |2 21 
100 0 |a Ballesteros, Manuel E  |e author  |9 396458 
245 1 0 |a Compilación de leyes i decretos vijentes en materia de instrucción pública 
300 |a 446 p 
942 |c BK 
945 |d 19971205 00:00:00  |a cmena 
260 |a Santiago  |b El Independiente  |c 1872 
650 7 |a LEGISLACION  |2 CL-VaPUC  |9 396459 
650 7 |a DECRETOS  |2 CL-VaPUC  |9 309678 
650 0 |a Educación  |9 258661 
650 0 |a Bibliotecas  |9 334508 
650 0 |a Bellas artes  |9 334299 
650 0 |a Mujeres  |9 257649 
650 0 |a Derecho civil  |9 255013 
650 0 |a Universidades  |9 256317 
651 7 |a CHILE  |2 CL-VaPUC  |9 396460 
583 |a last modification  |c 19971205 00:00:00  |k Rodrigo Vera 
999 |c 264091  |d 264089 
952 |0 0  |1 0  |2 ddc  |4 0  |5 1  |6 348_026000000000000_BAL_1872  |7 1  |8 C_LRYV  |9 293701  |a FDOBRV  |b BIBDER  |d 2019-11-19  |i 1914146  |o 348.026 BAL 1872  |p 1914146  |r 2023-01-25  |w 2019-11-19  |x Ubicación 4to Piso  |y BK_X  |z Estos recursos deben solicitarse con anticipación  |k BRV 
952 |0 0  |1 0  |2 ddc  |4 0  |5 1  |6 348_026000000000000_BAL_1872  |7 1  |8 C_LRYV  |9 293702  |a FDOBRV  |b BIBDER  |d 2019-11-19  |i 1954172  |o 348.026 BAL 1872  |p 1954172  |r 2023-01-25  |w 2019-11-19  |y BK_X  |k BRV